[Event "Let's Play Chess!"]
[Site "http://www.queenalice.com/game.php?id=705777"]
[Date "2009.12.30"]
[Round "-"]
[White "Cronos"]
[Black "SAND0KAN"]
[Result "1-0"]
[WhiteElo "1807"]
[BlackElo "1904"]

1. e4 e5 2. c4 Nf6 3. Nc3 Bd6 4. Nf3 Nc6 5. d3 O-O 6. Be2 Nd4 7. Nxd4 exd4 8.
Nd5 Nxd5 9. cxd5 c6 10. dxc6 dxc6 11. O-O Be6 12. b3 f5 13. exf5 Rxf5 14. Bg4
Re5 15. Bxe6+ Rxe6 16. Re1 Rxe1+ 17. Qxe1 Qf6 18. f3 Qe5 19. Qxe5 Bxe5 20. Bd2
b5 21. a4 bxa4 22. Rxa4 a6 23. Ra5 Bd6 24. Kf2 Bc7 25. Rc5 Bxh2 26. Rxc6 Rb8 27.
b4 Ra8 28. g3 h5 29. Kg2 Re8 30. Bf4 Re2+ 31. Kh1 h4 32. Rg6 Bxg3 33. Bxg3 hxg3
34. Rxa6 Rh2+ 35. Kg1 Kf7 36. Rd6 Rf2 37. Rxd4 g5 38. b5 Rxf3 39. b6 Rf6 40. Rb4
Rf4 41. Rxf4+ gxf4 42. b7 f3 43. b8=Q g2 44. Qf4+ Ke7 45. Qxf3 Kd7 46. Qf6 Kc8
47. Qe7 Kb8 48. d4 Ka8 49. d5 Kb8 50. d6 Kc8 51. Qc7# 1-0

[Event "Challenge"]
[Site "http://www.queenalice.com/game.php?id=709268"]
[Date "2010.1.6"]
[Round "-"]
[White "Cronos"]
[Black "SAND0KAN"]
[Result "0-1"]
[WhiteElo "1832"]
[BlackElo "1884"]

1. e4 Nf6 2. d3 c5 3. c4 Nc6 4. Nf3 d6 5. Nc3 e5 6. g3 Be6 7. Bg2 Be7 8. O-O O-O
9. Nd5 b6 10. Nxe7+ Qxe7 11. a3 Bg4 12. h3 Bxf3 13. Bxf3 a5 14. b3 Nd4 15. Bb2
Nxf3+ 16. Qxf3 Rfc8 17. Bc3 a4 18. b4 h5 19. b5 Qd7 20. Kh2 Rcb8 21. Bd2 Kh7 22.
Qe3 Kg8 23. f4 exf4 24. Qxf4 Rd8 25. Rf3 Qe6 26. Raf1 Ra7 27. Qg5 Qe5 28. Rf5
Qd4 29. Rxf6 Qxd3 30. R6f3 f6 31. Rxd3 fxg5 32. Bxg5 Re8 33. Rf4 Re6 34. Kg2 Rg6
35. h4 Re6 36. Kf3 Ra8 37. Re3 Rb8 38. Rf5 g6 39. Rf6 Rxf6+ 40. Bxf6 Rf8 41. e5
dxe5 42. Rxe5 Rxf6+ 43. Ke4 Rd6 44. Rg5 Rd4+ 45. Ke3 Kg7 46. Rd5 Rxc4 47. Rd6
Rc3+ 48. Rd3 Rxd3+ 49. Kxd3 Kf6 50. Kc4 Ke5 51. Kd3 Kd5 52. Kc3 Ke5 53. Kc4 Ke4
54. Kc3 Ke3 55. Kc4 Kf2 56. Kd5 Kxg3 57. Kc6 c4 58. Kxb6 c3 59. Ka7 c2 60. b6
c1=Q 61. b7 Qc5+ 62. Ka8 Qa5+ 63. Kb8 Qc5 64. Ka8 Qa5+ 65. Kb8 Qd8+ 66. Ka7 Qa5+
67. Kb8 Kxh4 68. Kc8 Qc5+ 0-1

[Event "Let's Play Chess!"]
[Site "http://www.queenalice.com/game.php?id=712865"]
[Date "2010.1.13"]
[Round "-"]
[White "wiking"]
[Black "SAND0KAN"]
[Result "1-0"]
[WhiteElo "2222"]
[BlackElo "1898"]

1. b4 Nf6 2. Bb2 e6 3. a3 a6 4. Nf3 Bd6 5. Nc3 O-O 6. d4 a5 7. b5 c6 8. e4 Bf4
9. Bd3 d5 10. e5 Ng4 11. g3 Bg5 12. Nxg5 Qxg5 13. f4 Qh5 14. h3 f5 15. Kd2 Nf6
16. exf6 Qxd1+ 17. Raxd1 Rxf6 18. g4 cxb5 19. Nxb5 fxg4 20. hxg4 Rxf4 21. Bxh7+
Kf8 22. a4 Nc6 23. Ba3+ Nb4 24. c3 Rf2+ 25. Ke3 Rg2 26. Rdf1+ Ke7 27. Bg6 Rg3+
28. Kf4 Rg2 29. Kg5 Kd7 30. cxb4 Kc6 31. bxa5 Rxa5 32. Rc1+ Rc2 33. Rxc2+ Kd7
34. Rc7+ Kd8 35. Be7# 1-0

[Event "Let's Play Chess!"]
[Site "http://www.queenalice.com/game.php?id=715376"]
[Date "2010.1.17"]
[Round "-"]
[White "APSHOOTER"]
[Black "SAND0KAN"]
[Result "0-1"]
[WhiteElo "1779"]
[BlackElo "1895"]

1. e4 c5 2. Bc4 e6 3. Nc3 a6 4. Nf3 b5 5. Be2 b4 6. Na4 Nf6 7. d3 d5 8. Bg5 h6
9. Bxf6 gxf6 10. e5 Bd7 11. Nxc5 Bxc5 12. d4 Be7 13. b3 Nc6 14. c4 bxc3 15. a3
fxe5 16. Nxe5 Nxe5 17. dxe5 O-O 18. Qc2 Qa5 19. O-O Bxa3 20. Rfd1 Rfc8 21. Rd3
f5 22. exf6 Kf7 23. Rf3 e5 24. Qh7+ Ke6 25. Qe7+ Bxe7 26. Rxa5 c2 27. fxe7 c1=Q+
28. Bf1 Bb5 29. e8=Q+ Rxe8 30. Rxb5 axb5 31. h3 Ra1 32. Kh2 Qxf1 33. Kg3 Rg8+
34. Kh4 Qxg2 35. Rg3 Qxf2 36. Kh5 Rxg3 37. h4 Qf7+ 0-1

[Event "Challenge"]
[Site "http://www.queenalice.com/game.php?id=716587"]
[Date "2010.1.19"]
[Round "-"]
[White "APSHOOTER"]
[Black "SAND0KAN"]
[Result "0-1"]
[WhiteElo "1739"]
[BlackElo "1906"]

1. e4 e5 2. Bc4 Nf6 3. d3 Nc6 4. a3 d5 5. Bb5 dxe4 6. Bxc6+ bxc6 7. h3 Ba6 8.
Nc3 exd3 9. Bg5 Be7 10. Nf3 e4 11. Bxf6 Bxf6 12. Nd2 e3 13. Nde4 d2+ 14. Nxd2
exd2+ 15. Qxd2 Qxd2+ 16. Kxd2 Bg5+ 17. Ke1 O-O-O 18. Ne4 Rhe8 19. f3 Bh4+ 20. g3
Bxg3# 0-1

[Event "Challenge"]
[Site "http://www.queenalice.com/game.php?id=717711"]
[Date "2010.1.21"]
[Round "-"]
[White "APSHOOTER"]
[Black "SAND0KAN"]
[Result "0-1"]
[WhiteElo "1688"]
[BlackElo "1915"]

1. e4 c5 2. Nf3 e6 3. Bb5 Nf6 4. Nc3 Nc6 5. Bxc6 dxc6 6. h3 Be7 7. d3 O-O 8. Be3
Qb6 9. b3 Qb4 10. Qd2 Bd7 11. Ne5 Be8 12. O-O b5 13. a3 Qa5 14. b4 Qc7 15. Ne2
Qxe5 16. f4 Qh5 17. Ng3 Qg6 18. f5 Qxg3 19. Rf3 Qe5 20. c3 cxb4 21. axb4 Bxb4
22. Bd4 Qxd4+ 23. cxd4 Bxd2 24. e5 Bc3 25. Rc1 Bxd4+ 26. Kh1 Bxe5 27. Rc5 Bd4
28. Rc2 exf5 29. Rxf5 Nd5 30. g4 Ne3 0-1

[Event "Challenge"]
[Site "http://www.queenalice.com/game.php?id=719806"]
[Date "2010.1.25"]
[Round "-"]
[White "APSHOOTER"]
[Black "SAND0KAN"]
[Result "1-0"]
[WhiteElo "1688"]
[BlackElo "1922"]

1. e4 c6 2. d4 d5 3. e5 c5 4. Bb5+ Bd7 5. Nc3 Bxb5 6. Nxb5 Qb6 7. a4 e6 8. Nf3
a6 9. Nd6+ Bxd6 10. exd6 Qxd6 11. O-O Nf6 12. h3 O-O 13. Bg5 Nbd7 14. Re1 Ne4
15. c3 f5 16. Be3 f4 17. dxc5 Ndxc5 18. Bxc5 Qxc5 19. Qd4 Qxd4 20. Nxd4 e5 21.
Ne6 Rf6 22. f3 Rxe6 23. fxe4 dxe4 24. Rxe4 Rf8 25. Rae1 g5 26. Rxe5 Rxe5 27.
Rxe5 h6 28. Kf2 Kf7 29. Rf5+ Ke7 30. Rxf8 Kxf8 31. Kf3 Ke7 32. Kg4 Kd6 33. Kh5
Kc5 34. Kxh6 Kc4 35. Kxg5 Kb3 36. h4 Kxa4 37. h5 b5 38. h6 Kb3 39. h7 a5 40.
h8=Q a4 41. Qh3 Kxb2 42. Kxf4 a3 43. g4 a2 44. Qg2+ Kb1 45. g5 a1=Q 46. Qf1+ Kb2
47. Qxa1+ Kxa1 48. g6 Kb2 49. g7 Kxc3 50. g8=Q b4 51. Qa2 b3 52. Qb1 b2 53. Ke4
Kb3 54. Kd3 Ka3 55. Kc3 Ka4 56. Qxb2 Ka5 57. Kc4 Ka4 58. Qb4# 1-0

[Event "Challenge"]
[Site "http://www.queenalice.com/game.php?id=721959"]
[Date "2010.1.28"]
[Round "-"]
[White "APSHOOTER"]
[Black "SAND0KAN"]
[Result "1-0"]
[WhiteElo "1734"]
[BlackElo "1897"]

1. e4 c5 2. Bb5 Nf6 3. d3 a6 4. Bc4 d5 5. Bb3 dxe4 6. h3 Bf5 7. dxe4 Qxd1+ 8.
Kxd1 Bxe4 9. f3 Bd5 10. Bg5 c4 11. Bxf6 cxb3 12. Nc3 bxc2+ 13. Kxc2 Bxf3 14.
Nxf3 exf6 15. Rae1+ Kd8 16. Nd5 Bc5 17. b4 Bd6 18. Re2 Nd7 19. Kb3 Kc8 20. Ne7+
Bxe7 21. Rxe7 Rf8 22. Rd1 Nb8 23. Rc1+ Nc6 24. Nd4 Kd8 25. Nxc6+ bxc6 26. Rb7 a5
27. Rxc6 axb4 28. Rxb4 Kd7 29. Rc3 Rfb8 30. a3 g6 31. a4 Rxb4+ 32. Kxb4 Rb8+ 33.
Ka3 f5 34. a5 h5 35. Ka4 f4 36. a6 f5 37. Ka5 Rb2 38. Rc4 Rxg2 39. a7 Ra2+ 40.
Ra4 f3 41. Rxa2 h4 42. a8=Q Ke7 43. Qc6 Kf7 44. Rb2 g5 45. Rb7+ 1-0

[Event "Challenge"]
[Site "http://www.queenalice.com/game.php?id=725539"]
[Date "2010.2.3"]
[Round "-"]
[White "APSHOOTER"]
[Black "SAND0KAN"]
[Result "0-1"]
[WhiteElo "1722"]
[BlackElo "1874"]

1. e4 c6 2. e5 d5 3. d4 Bf5 4. Bd3 Bxd3 5. Qxd3 e6 6. a3 c5 7. Nf3 c4 8. Qc3 Be7
9. O-O g5 10. Nxg5 Bxg5 11. Qb4 Bxc1 12. Rxc1 Nc6 13. Qxb7 Nxd4 14. Kf1 Ne7 15.
c3 Nb3 16. Qb5+ Kf8 17. Rc2 Nxa1 18. Re2 a6 19. Qc5 Nb3 20. Qe3 Nf5 21. Qh3 Qg5
22. g4 Nh4 23. f3 Kg8 24. Rf2 Qc1+ 0-1

[Event "Challenge"]
[Site "http://www.queenalice.com/game.php?id=726407"]
[Date "2010.2.5"]
[Round "-"]
[White "SAND0KAN"]
[Black "APSHOOTER"]
[Result "1-0"]
[WhiteElo "1884"]
[BlackElo "1703"]

1. d4 d6 2. e4 Nc6 3. d5 Ne5 4. Nc3 a6 5. Bf4 Bd7 6. Nf3 Nxf3+ 7. Qxf3 e5 8.
dxe6 Bxe6 9. O-O-O h6 10. Bd3 Qd7 11. e5 d5 12. Bc4 c6 13. Rd3 Bb4 14. Qg3 Bxc3
15. bxc3 g5 16. Be3 Bf5 17. Rd4 Qe6 18. Be2 O-O-O 19. h4 Qg6 20. hxg5 Bxc2 21.
gxh6 Qxg3 22. fxg3 Be4 23. Bg4+ Kc7 24. Bf3 Bh7 25. Bg5 Re8 26. Rf4 Bg6 27. h7
b5 28. Rfh4 Ne7 29. Bf6 Bxh7 30. Bxh8 Rxh8 31. Rxh7 Rxh7 32. Rxh7 Ng6 33. e6 Nf8
34. Rxf7+ Kd8 35. e7+ 1-0

[Event "Challenge"]
[Site "http://www.queenalice.com/game.php?id=729001"]
[Date "2010.2.9"]
[Round "-"]
[White "SAND0KAN"]
[Black "APSHOOTER"]
[Result "1-0"]
[WhiteElo "1893"]
[BlackElo "1674"]

1. e4 d5 2. exd5 Qxd5 3. Nc3 Qe5+ 4. Be2 Nf6 5. Nf3 Qd6 6. d4 h6 7. O-O b6 8.
Nb5 Qd7 9. Ne5 Qd8 10. Bf3 c6 11. Nxc6 Qd7 12. Ne5 Qxb5 13. c4 Qa6 14. Bxa8 Bb7
15. Bxb7 Qxb7 16. Qa4+ Nfd7 17. Bf4 g5 18. Be3 Bg7 19. Nxd7 Nxd7 20. f3 Kf8 21.
Qa3 f5 22. Rfe1 Bf6 23. Qd3 f4 24. Bf2 e5 25. Qf5 Kf7 26. dxe5 Re8 27. e6+ Rxe6
28. Rxe6 Qc8 29. Rxf6+ Ke8 30. Qg6+ Kd8 31. Qg8+ Kc7 32. Rc6+ 1-0

[Event "Challenge"]
[Site "http://www.queenalice.com/game.php?id=733416"]
[Date "2010.2.17"]
[Round "-"]
[White "SAND0KAN"]
[Black "APSHOOTER"]
[Result "1-0"]
[WhiteElo "1900"]
[BlackElo "1673"]

1. d4 g6 2. e4 Bg7 3. Nc3 b6 4. Nf3 Bb7 5. Bd3 e6 6. O-O Nf6 7. e5 Nd5 8. Nxd5
Bxd5 9. c4 Bb7 10. Bg5 f6 11. exf6 Bxf6 12. Bxf6 Qxf6 13. Re1 d5 14. Qe2 Bc8 15.
cxd5 Bb7 16. Qxe6+ Qxe6 17. Rxe6+ Kd8 18. Bc4 Nd7 19. Ng5 Rg8 20. Nxh7 c5 21.
dxc6 Bxc6 22. Rxc6 Rg7 23. Ng5 Rc8 24. Ne6+ Ke7 25. Rxc8 Rh7 26. Rc7 Kd6 27.
Rxa7 Re7 28. Ng5 Kc6 29. a4 Re8 30. Bb5+ Kd5 31. Rxd7# 1-0

[Event "Challenge"]
[Site "http://www.queenalice.com/game.php?id=735141"]
[Date "2010.2.20"]
[Round "-"]
[White "APSHOOTER"]
[Black "SAND0KAN"]
[Result "0-1"]
[WhiteElo "1663"]
[BlackElo "1907"]

1. d4 f5 2. Bf4 Nf6 3. d5 e6 4. Nc3 exd5 5. Nxd5 Nxd5 6. Qxd5 d6 7. e4 c6 8. Qb3
fxe4 9. O-O-O d5 10. h3 Bd6 11. Qg3 Bxf4+ 12. Qxf4 Be6 13. Ne2 Qf6 14. Re1 O-O
15. Qc7 Qxf2 16. Qxb7 Qxe1# 0-1

[Event "Challenge"]
[Site "http://www.queenalice.com/game.php?id=736285"]
[Date "2010.2.23"]
[Round "-"]
[White "APSHOOTER"]
[Black "SAND0KAN"]
[Result "0-1"]
[WhiteElo "1670"]
[BlackElo "1913"]

1. Nf3 d5 2. h3 Nd7 3. Nc3 e6 4. a3 Ngf6 5. d4 Bd6 6. Bg5 h6 7. Bd2 O-O 8. e3
Ne4 9. Bd3 Nxd2 10. Qxd2 Nf6 11. Ne2 Ne4 12. Bxe4 dxe4 13. Nh2 e5 14. d5 Qg5 15.
g4 Qh4 16. O-O-O Qxh3 17. Rdg1 c5 18. dxc6 Rd8 19. cxb7 Bxb7 20. Ng3 Bxa3 21.
Qe1 Bd6 22. Qe2 Qh4 23. Nf5 Qf6 24. Qb5 Rab8 25. Nxd6 Rxd6 26. Rd1 Rxd1+ 27.
Rxd1 Qxf2 28. Nf1 Qf6 29. Rd7 a6 30. Qa5 Qxf1+ 31. Rd1 Qh3 32. Qxe5 Qxe3+ 33.
Kb1 Rc8 34. Qf5 Qe2 35. Kc1 Qxc2# 0-1

[Event "Challenge"]
[Site "http://www.queenalice.com/game.php?id=739345"]
[Date "2010.3.1"]
[Round "-"]
[White "APSHOOTER"]
[Black "SAND0KAN"]
[Result "0-1"]
[WhiteElo "1658"]
[BlackElo "1919"]

1. e4 g6 2. e5 d6 3. Nf3 Nc6 4. Bb5 dxe5 5. Nxe5 Qd5 6. Bxc6+ bxc6 7. d4 Qxg2 8.
Qf3 Qxf3 9. Nxf3 Bf5 10. Bf4 O-O-O 11. c3 Bg7 12. Nbd2 Nf6 13. Ne5 Nd5 14. Nxc6
Nxf4 15. Nxa7+ Kb7 16. Nb5 c6 17. Na3 Nd3+ 18. Ke2 Nxb2 19. Nac4 Bd3+ 20. Kf3
Nxc4 21. Nxc4 Bxc4 22. Rhe1 e6 23. a4 c5 24. Reb1+ Kc8 25. Rd1 cxd4 26. cxd4
Rxd4 27. Rxd4 Bxd4 28. Rc1 e5 29. Rxc4+ Kd7 30. Ke4 f5+ 31. Kd5 Ra8 32. f3 Ra5+
0-1

[Event "Challenge"]
[Site "http://www.queenalice.com/game.php?id=741275"]
[Date "2010.3.5"]
[Round "-"]
[White "APSHOOTER"]
[Black "SAND0KAN"]
[Result "0-1"]
[WhiteElo "1655"]
[BlackElo "1925"]

1. d4 g6 2. Bg5 d5 3. Nc3 f6 4. Bd2 e5 5. e3 exd4 6. exd4 Nc6 7. Be3 Be6 8. Bb5
a6 9. Bxc6+ bxc6 10. a3 Qb8 11. Na4 Qb5 12. c3 O-O-O 13. h3 Bd6 14. b4 Ne7 15.
Ne2 Nf5 16. Qd2 Qxa4 17. O-O Nxe3 18. Qxe3 Rde8 19. Rfe1 Bf5 20. Qd2 a5 21. Kh1
h6 22. Nf4 Rxe1+ 23. Rxe1 Qxa3 24. bxa5 Qxa5 25. Qb2 Bxf4 26. Ra1 Re8 27. g3 Re2
28. Rxa5 Be4+ 29. Kh2 Rxb2 30. gxf4 Rxf2+ 31. Kg1 Rxf4 32. Ra8+ Kd7 33. Rh8 Rf3
34. Rxh6 Rxc3 35. h4 Ke6 36. h5 gxh5 37. Rxh5 Rc4 38. Rh2 Rxd4 39. Re2 c5 40.
Kf2 Ra4 41. Ke3 c4 42. Kd4 Kd6 43. Rf2 c5+ 44. Ke3 Ke5 45. Re2 d4+ 0-1

[Event "Challenge"]
[Site "http://www.queenalice.com/game.php?id=743737"]
[Date "2010.3.9"]
[Round "-"]
[White "APSHOOTER"]
[Black "SAND0KAN"]
[Result "0-1"]
[WhiteElo "1635"]
[BlackElo "1930"]

1. e4 e5 2. Qh5 d6 3. Bc4 g6 4. Qf3 Nf6 5. Qb3 Qe7 6. Bxf7+ Qxf7 7. Qxf7+ Kxf7
8. Nf3 Nxe4 9. d3 Nf6 10. Ng5+ Kg8 11. Nc3 Bf5 12. b3 c5 13. Bb2 d5 14. Nb5 Nc6
15. O-O-O Be7 16. h3 a6 17. Nc7 Rc8 18. g4 Nxg4 19. Nxd5 Bxg5+ 20. f4 Bxf4+ 21.
Nxf4 Nf2 22. Nd5 Nxd1 23. Bxe5 Nf2 24. Bxh8 Nxh1 25. Ne7+ Nxe7 26. Bf6 Nd5 27.
Bb2 Bxh3 0-1

[Event "Challenge"]
[Site "http://www.queenalice.com/game.php?id=745576"]
[Date "2010.3.13"]
[Round "-"]
[White "APSHOOTER"]
[Black "SAND0KAN"]
[Result "1-0"]
[WhiteElo "1650"]
[BlackElo "1934"]

1. b3 Nf6 2. Bb2 g6 3. Bxf6 exf6 4. g3 Bg7 5. Nc3 d5 6. Nf3 d4 7. Ne4 f5 8. Nc5
Nd7 9. Nxd7 Bxd7 10. d3 Qe7 11. Bg2 Kd8 12. Nd2 Kc8 13. Nc4 Qb4+ 14. Qd2 Qxd2+
15. Nxd2 Re8 16. a4 f6 17. Nf3 c5 18. Nd2 a5 19. Nc4 Ra6 20. Bf3 g5 21. Bh5 Rh8
22. O-O-O g4 23. Bf7 h5 24. Bd5 h4 25. f4 hxg3 26. hxg3 b5 27. axb5 Bxb5 28. Na3
Bd7 29. Rxh8+ Bxh8 30. Rh1 Bg7 31. Rh7 Rd6 32. Bc4 Be6 33. Rxg7 Rb6 34. Bxe6+
Rxe6 35. Kd2 Re3 36. Nc4 Rxg3 37. Nd6+ Kb8 38. Nxf5 Rg1 39. Ne7 g3 40. Nc6+ Kc8
41. Nxa5 g2 42. Nc4 Rf1 43. Rxg2 Rxf4 44. Rg7 f5 45. Rf7 Kd8 46. Nd6 Rh4 47.
Nb7+ Kc8 48. Nxc5 Rh5 49. Na6 Kd8 50. Nc7 Rh4 51. Ne6+ Ke8 52. Rxf5 Ke7 53. Rf4
Rxf4 54. Nxf4 Kf6 55. b4 Ke5 56. b5 Kd6 57. c4 dxc3+ 58. Kxc3 Kc5 59. d4+ Kxb5
60. e4 Kc6 61. Kc4 Kd6 62. e5+ Ke7 63. Kc5 1-0

[Event "Challenge"]
[Site "http://www.queenalice.com/game.php?id=749356"]
[Date "2010.3.21"]
[Round "-"]
[White "APSHOOTER"]
[Black "SAND0KAN"]
[Result "1-0"]
[WhiteElo "1699"]
[BlackElo "1907"]

1. d4 d5 2. c4 dxc4 3. e4 Nf6 4. e5 Nd5 5. Bxc4 Nb6 6. Bb3 c5 7. Qf3 c4 8. Bc2
Qxd4 9. Ne2 Qxe5 10. O-O Nc6 11. a3 Be6 12. Nbc3 Nd5 13. Ba4 O-O-O 14. Bxc6 bxc6
15. Bf4 Qf6 16. Rfd1 h6 17. Nd4 Qxf4 18. Nxc6 Qxf3 19. gxf3 Rd6 20. Nxa7+ Kb7
21. Nab5 Nxc3 22. Nxd6+ Kc6 23. Nxf7 Nxd1 24. Nxh8 Nxb2 25. Ng6 Bd5 26. Nxf8
Bxf3 27. Ng6 Kd6 28. Rb1 Nd3 29. Rb6+ Kd7 30. Rb5 Be4 31. Ne5+ Nxe5 32. Rxe5 Bf3
33. a4 Kd6 34. Re3 Bg4 35. a5 g5 36. a6 Bd7 37. a7 Bc6 38. Rc3 Kd5 39. Ra3 Ba8
40. Kf1 g4 41. Ke1 Kd4 42. Kd2 e5 43. Ra6 c3+ 44. Kc1 e4 45. Rd6+ Kc5 46. Rd8
Bd5 47. Rxd5+ Kxd5 48. a8=Q+ Kd4 49. Kc2 h5 50. Qh8+ Kc4 51. Qxh5 Kd4 52. Qxg4
Ke5 53. Qd7 Kf4 54. Qg7 Kf3 55. Qg3+ Ke2 56. Kxc3 e3 57. Qxe3+ Kf1 58. Kd2 Kg1
59. f4+ Kxh2 60. Ke2 1-0

[Event "Challenge"]
[Site "http://www.queenalice.com/game.php?id=753683"]
[Date "2010.3.30"]
[Round "-"]
[White "APSHOOTER"]
[Black "SAND0KAN"]
[Result "0-1"]
[WhiteElo "1746"]
[BlackElo "1883"]

1. e4 e5 2. Bc4 Nf6 3. d3 Nc6 4. a3 d5 5. Bb5 dxe4 6. Bxc6+ bxc6 7. Nc3 Bf5 8.
Bg5 exd3 9. Bxf6 gxf6 10. cxd3 Bxd3 11. Nge2 Bc5 12. O-O O-O 13. b4 Bd4 14. Qxd3
Bxf2+ 15. Rxf2 Qxd3 16. Rd1 Qa6 17. Rxf6 Qxa3 18. h3 Qxb4 19. Rxc6 Rfd8 20.
Rxd8+ Rxd8 21. Rf6 Kg7 22. Rf3 c5 23. Rg3+ Kf6 24. Rf3+ Ke6 25. Kh2 f5 26. Rg3
c4 27. h4 e4 28. Nf4+ Ke5 29. Nfe2 h6 30. Kh3 Rd3 31. Rxd3 cxd3 0-1

[Event "Challenge"]
[Site "http://www.queenalice.com/game.php?id=755565"]
[Date "2010.4.2"]
[Round "-"]
[White "APSHOOTER"]
[Black "SAND0KAN"]
[Result "0-1"]
[WhiteElo "1749"]
[BlackElo "1894"]

1. e4 Nc6 2. d4 d6 3. a3 Nf6 4. d5 Ne5 5. Bf4 Nxe4 6. Bxe5 dxe5 7. Bb5+ c6 8.
dxc6 Qa5+ 9. Nc3 Nxc3 10. cxb7+ Nxb5+ 11. b4 Bxb7 12. bxa5 Bxg2 13. c4 Nd4 14.
Ne2 Nf3# 0-1

[Event "Challenge"]
[Site "http://www.queenalice.com/game.php?id=756835"]
[Date "2010.4.6"]
[Round "-"]
[White "APSHOOTER"]
[Black "SAND0KAN"]
[Result "1-0"]
[WhiteElo "1721"]
[BlackElo "1904"]

1. e4 c5 2. Bc4 e6 3. Nf3 d5 4. Bb5+ Bd7 5. Nc3 Bxb5 6. Nxb5 dxe4 7. Qe2 exf3 8.
Qxf3 Nc6 9. c3 a6 10. Na3 Bd6 11. Nc4 Nf6 12. Nxd6+ Qxd6 13. O-O O-O 14. Re1
Rfd8 15. a3 e5 16. b4 c4 17. a4 e4 18. Qe2 Qd3 19. a5 Qxe2 20. Rxe2 Rd3 21. h3
Rad8 22. Rb1 b5 23. axb6 Rb8 24. b5 Rxb6 25. bxc6 Rxb1 26. c7 Rxc1+ 27. Kh2
Rxh3+ 28. gxh3 Ng4+ 29. hxg4 g6 30. c8=Q+ Kg7 31. Qxa6 f5 32. Qxc4 h5 33. g5 Kf8
34. Qa6 Kg7 35. Qf6+ Kh7 36. Qf7+ Kh8 37. Qxg6 h4 38. Qf7 Rf1 39. g6 Rxf2+ 40.
Rxf2 f4 41. Rxf4 e3 42. Rxh4# 1-0

[Event "Challenge"]
[Site "http://www.queenalice.com/game.php?id=758855"]
[Date "2010.4.10"]
[Round "-"]
[White "APSHOOTER"]
[Black "SAND0KAN"]
[Result "1-0"]
[WhiteElo "1727"]
[BlackElo "1881"]

1. e4 c5 2. Nf3 a6 3. h3 d5 4. e5 Nc6 5. d4 cxd4 6. Nxd4 Nxe5 7. Nc3 e6 8. a3
Bd6 9. Be3 Bd7 10. Be2 Nh6 11. Qd2 O-O 12. Bxh6 gxh6 13. Qxh6 f6 14. Bg4 Nxg4
15. hxg4 Rf7 16. O-O-O Qc7 17. g3 Bxa3 18. bxa3 Qxc3 19. Qe3 Qxe3+ 20. fxe3 Rg7
21. Rh4 e5 22. Nf5 Bxf5 23. gxf5 Rxg3 24. Rxd5 Rxe3 25. Rd7 Rxa3 26. Rhxh7 Rf8
27. Rdg7# 1-0

[Event "Challenge"]
[Site "http://www.queenalice.com/game.php?id=761009"]
[Date "2010.4.14"]
[Round "-"]
[White "APSHOOTER"]
[Black "SAND0KAN"]
[Result "0-1"]
[WhiteElo "1724"]
[BlackElo "1859"]

1. e4 c5 2. Nf3 Nc6 3. a3 d5 4. Nc3 d4 5. Nd5 e6 6. Nf4 e5 7. Nd5 Nf6 8. Bc4
Nxe4 9. d3 b5 10. Bxb5 Qxd5 11. dxe4 Qxe4+ 12. Qe2 Qxe2+ 13. Kxe2 Bd7 14. Bxc6
Bxc6 15. Nxe5 Bxg2 16. Re1 Bd6 17. f4 Be4 18. Kf1 f5 19. Nc6 O-O 20. Na5 Bxc2
21. Nc4 Bd3+ 22. Kf2 Bxc4 23. Bd2 Rfb8 24. b4 cxb4 25. axb4 Bxb4 26. Bxb4 Rxb4
27. Re5 g6 28. Rd1 d3 29. Rd2 Kf7 30. h4 h5 31. Ke3 Kf6 32. Rc5 Re8+ 33. Kd4
Re4+ 34. Kc3 Rb3# 0-1

[Event "Challenge"]
[Site "http://www.queenalice.com/game.php?id=763267"]
[Date "2010.4.19"]
[Round "-"]
[White "APSHOOTER"]
[Black "SAND0KAN"]
[Result "0-1"]
[WhiteElo "1663"]
[BlackElo "1870"]

1. Nc3 c5 2. Nf3 g6 3. e4 d6 4. Bb5+ Bd7 5. e5 Nc6 6. exd6 exd6 7. Qe2+ Be7 8.
Ng5 a6 9. Bc4 Ne5 10. Nxf7 Nxf7 11. Qf3 Ne5 12. Qf4 Nxc4 13. Qxc4 b5 14. Qd5 Nf6
15. Qf3 b4 16. Nb1 O-O 17. Qb3+ d5 18. d3 Re8 19. O-O Bd6 20. Bg5 Bxh2+ 21. Kh1
Be5 22. Bxf6 Qxf6 23. Qxd5+ Be6 24. Qf3 Qh4+ 25. Qh3 Bxh3 26. Kg1 Bxg2 0-1